000 00581nam a2200229Ia 4500
003 OSt
005 20221007080248.0
006 a|||||r|||| 00| 0
007 ta
008 221006b |||||||| |||| 00| 0 eng d
024 _a20,549
037 _cTextual
040 _aFLL
_cFLL
_beng
041 _2eng
_aeng
082 _aZ1, M5
100 _aTandon M.P. Au.
245 0 _aPublic international law
260 _aNew Delhi
_bUniversal Law Pub. India
_c1985
300 _a470p
_ccm.
942 _hZ1, M5
_cTEXL
_2CC
999 _c1158894
_d1158894